000 00480nam a2200169Ia 4500
005 20250508150954.0
008 008 250505s9999 xx 000 0 eng d
037 _aBooks to be hide in OPAC
040 _aFEDL
_beng
_cFEDL
041 _aeng
_2eng
084 _a030, CHA/O
_qFEDL
245 0 _aChambers's encyclopaedia world survey
260 _aLondon, UK
_bGeorge Newnes Limited
_c1952
300 _a368p.
942 _cHB
_h030, CHA/O
999 _c1326816
_d1326816